[Event "Minsk Bronstein 100 Memorial op"]
[Site "Minsk"]
[Date "2024.02.17"]
[Round "5"]
[White "Bystrov, Alexander"]
[Black "Savelev, Matvei"]
[Result "0-1"]
[WhiteElo "2127"]
[BlackElo "1777"]
[PlyCount "70"]
[EventDate "2024.02.17"]
[EventType "swiss"]
[EventRounds "10"]
[EventCountry "BLR"]
[SourceTitle "CB08_2024"]
[SourceDate "2024.02.21"]
[SourceVersion "1"]
[SourceVersionDate "2024.02.21"]
[SourceQuality "1"]

1. d4 d5 2. Nf3 e6 3. c4 f5 4. e3 Nf6 5. Bd3 Be7 6. 0-0 0-0 7. b3 c6 8. Ba3 Bxa3 9. Nxa3 Ne4 10. Ne5 Nd7 11. f4 Nxe5 12. fxe5 Bd7 13. Nc2 Qg5 14. Qe2 h5 15. b4 a6 16. c5 h4 17. a4 Be8 18. Bxe4 dxe4 19. Na3 Bh5 20. Qf2 h3 21. g3 Bf3 22. Nc4 Qh6 23. Nd6 g5 24. Rfe1 Kh7 25. Rab1 f4 26. exf4 gxf4 27. Nxe4 fxg3 28. Nxg3 Be4 29. Qb2 Bxb1 30. Qxb1+ Qg6 31. Qxg6+ Kxg6 32. Re3 Rf4 33. Ne2 Rg4+ 34. Kh1 Rf8 35. Rxh3 Rf6 0-1

[Event "BLR-ch 90th"]
[Site "Minsk"]
[Date "2024.01.12"]
[Round "3"]
[White "Kramich, Aliaksei"]
[Black "Bystrov, Alexander"]
[Result "1-0"]
[WhiteElo "2113"]
[BlackElo "2133"]
[PlyCount "79"]
[EventDate "2024.01.10"]
[EventType "tourn"]
[EventRounds "9"]
[EventCountry "BLR"]
[EventCategory "2"]
[SourceTitle "CB04_2024"]
[SourceDate "2023.10.16"]
[SourceVersion "1"]
[SourceVersionDate "2023.10.16"]
[SourceQuality "1"]

1. e4 e6 2. d4 d5 3. Nc3 Nf6 4. Bg5 dxe4 5. Nxe4 Nbd7 6. Nf3 Be7 7. Nxf6+ Bxf6 8. h4 h6 9. Bxf6 Qxf6 10. Qe2 b6 11. Qe4 Rb8 12. Bb5 Bb7 13. Bxd7+ Kxd7 14. Ne5+ Ke7 15. Qe3 Rhd8 16. f3 Kf8 17. 0-0-0 Qe7 18. g4 c5 19. g5 h5 20. Rh2 cxd4 21. Qf4 Kg8 22. Rhd2 Rbc8 23. Rxd4 Rxd4 24. Rxd4 Bc6 25. g6 fxg6 26. Nxg6 Qc7 27. Qxc7 Rxc7 28. Rc4 Kf7 29. Ne5+ Kf6 30. Nxc6 g5 31. hxg5+ Kxg5 32. Kd2 b5 33. Rc5+ Kf4 34. Ke2 h4 35. Nd4 Rxc5 36. Nxe6+ Kg3 37. Nxc5 h3 38. Ne4+ Kf4 39. Nf2 h2 40. Nh1 1-0

[Event "BLR-ch sf"]
[Site "Minsk"]
[Date "2023.12.15"]
[Round "9"]
[White "Bialiauski, Artsiom"]
[Black "Bystrov, Alexander"]
[Result "1/2-1/2"]
[WhiteElo "1809"]
[BlackElo "2139"]
[PlyCount "35"]
[EventDate "2023.12.07"]
[EventType "swiss"]
[EventRounds "9"]
[EventCountry "BLR"]
[SourceTitle "CB51_2023"]
[SourceDate "2023.12.20"]
[SourceVersion "1"]
[SourceVersionDate "2023.12.20"]
[SourceQuality "1"]

1. Nf3 Nf6 2. g3 g6 3. Bg2 Bg7 4. 0-0 0-0 5. d4 d5 6. c4 c6 7. cxd5 cxd5 8. Ne5 Ne4 9. Nc3 Nxc3 10. bxc3 Nc6 11. Nxc6 bxc6 12. Qa4 Qb6 13. Ba3 Qa6 14. Qb4 Qb7 15. Qa4 Qa6 16. Qb4 Qb7 17. Qa4 Qa6 18. Qb4 1/2-1/2

[Event "BLR-ch sf"]
[Site "Minsk"]
[Date "2023.12.13"]
[Round "7"]
[White "Bystrov, Alexander"]
[Black "Sidorenja, Radion"]
[Result "1-0"]
[WhiteElo "2139"]
[BlackElo "1650"]
[PlyCount "79"]
[EventDate "2023.12.07"]
[EventType "swiss"]
[EventRounds "9"]
[EventCountry "BLR"]
[SourceTitle "CB51_2023"]
[SourceDate "2023.12.20"]
[SourceVersion "1"]
[SourceVersionDate "2023.12.20"]
[SourceQuality "1"]

1. d4 d5 2. Nf3 c6 3. c4 e6 4. e3 Bd6 5. Bd3 f5 6. 0-0 Nf6 7. b3 Qe7 8. Ne5 0-0 9. f4 Ne4 10. Nd2 Nd7 11. Ndf3 Nxe5 12. Nxe5 Bxe5 13. fxe5 Bd7 14. a4 Qg5 15. Qf3 Qg6 16. Ra2 a6 17. Ba3 Rf7 18. a5 Be8 19. Bxe4 fxe4 20. Qh3 Rxf1+ 21. Kxf1 Qh5 22. Qxh5 Bxh5 23. Ke1 Rd8 24. Rf2 Bg6 25. Kd2 Bf5 26. Kc3 h5 27. Kb4 Kf7 28. Kc5 Ke8 29. Kb6 Rd7 30. Bd6 Kd8 31. cxd5 cxd5 32. Ka7 g5 33. Kb8 g4 34. Rc2 Ke8 35. g3 Bg6 36. Rc8+ Rd8 37. Rxd8+ Kxd8 38. Kxb7 Kd7 39. b4 Be8 40. b5 1-0

[Event "BLR-ch sf"]
[Site "Minsk"]
[Date "2023.12.12"]
[Round "6"]
[White "Safonau, Yauheni"]
[Black "Bystrov, Alexander"]
[Result "0-1"]
[WhiteElo "1720"]
[BlackElo "2139"]
[PlyCount "34"]
[EventDate "2023.12.07"]
[EventType "swiss"]
[EventRounds "9"]
[EventCountry "BLR"]
[SourceTitle "CB51_2023"]
[SourceDate "2023.12.20"]
[SourceVersion "1"]
[SourceVersionDate "2023.12.20"]
[SourceQuality "1"]

1. e4 e6 2. Nf3 d5 3. e5 c5 4. b4 cxb4 5. a3 bxa3 6. c3 Nc6 7. d4 Bd7 8. Bxa3 Bxa3 9. Nxa3 a6 10. Bd3 Na5 11. h4 Rc8 12. Nb1 Nc4 13. Ra2 Ne7 14. h5 h6 15. Nh4 Nf5 16. Nf3 Qb6 17. Bc2 Kd8 0-1

[Event "Minsk op"]
[Site "Minsk"]
[Date "2023.11.09"]
[Round "7"]
[White "Bialiauski, Artsiom"]
[Black "Bystrov, Alexander"]
[Result "0-1"]
[WhiteElo "1919"]
[BlackElo "2164"]
[PlyCount "120"]
[EventDate "2023.11.03"]
[EventType "swiss"]
[EventRounds "9"]
[EventCountry "BLR"]
[SourceTitle "CB46_2023"]
[SourceDate "2023.11.15"]
[SourceVersion "1"]
[SourceVersionDate "2023.11.15"]
[SourceQuality "1"]

1. Nf3 Nf6 2. d4 d5 3. g3 Bf5 4. Bg2 e6 5. 0-0 Be7 6. c4 c6 7. Nc3 h6 8. b3 Nbd7 9. Bb2 0-0 10. Nd2 Rc8 11. Rc1 a6 12. e4 dxe4 13. Ndxe4 Nxe4 14. Nxe4 Nf6 15. Nc3 Qa5 16. a3 Rfd8 17. b4 Qb6 18. Qb3 Qa7 19. Rfd1 Ne8 20. Ne2 Bg5 21. f4 Bf6 22. Bf3 Nd6 23. a4 Be4 24. Bxe4 Nxe4 25. a5 Be7 26. Qf3 Nf6 27. Bc3 Rd7 28. g4 Ne8 29. Be1 Rcd8 30. Kg2 c5 31. bxc5 Bxc5 32. Rb1 Qa8 33. Bh4 Be7 34. Bf2 Nd6 35. Rdc1 Rc8 36. c5 Nb5 37. f5 exf5 38. Qxf5 Rcd8 39. Qf3 Qc8 40. Rd1 Qc6 41. Nf4 Qxf3+ 42. Kxf3 Bxc5 43. Ne2 Nxd4+ 44. Nxd4 Bxd4 45. Bxd4 Rxd4 46. Rxd4 Rxd4 47. Rxb7 Ra4 48. Rb8+ Kh7 49. Rb7 f6 50. Ra7 Rxa5 51. h4 h5 52. gxh5 Rxh5 53. Kg4 Ra5 54. Ra8 Ra4+ 55. Kg3 a5 56. Ra7 Ra1 57. Kg4 a4 58. Kg3 a3 59. Kg4 Kg6 60. h5+ Kh7 0-1

[Event "Minsk op"]
[Site "Minsk"]
[Date "2023.11.08"]
[Round "6"]
[White "Bystrov, Alexander"]
[Black "Dzenisenia, Mikhail"]
[Result "1/2-1/2"]
[WhiteElo "2164"]
[BlackElo "1747"]
[PlyCount "146"]
[EventDate "2023.11.03"]
[EventType "swiss"]
[EventRounds "9"]
[EventCountry "BLR"]
[SourceTitle "CB46_2023"]
[SourceDate "2023.11.15"]
[SourceVersion "1"]
[SourceVersionDate "2023.11.15"]
[SourceQuality "1"]

1. d4 d5 2. Nf3 Nf6 3. c4 c6 4. e3 a6 5. Bd3 Bg4 6. Nbd2 e6 7. b3 Bb4 8. 0-0 Nbd7 9. Qc2 0-0 10. Ne5 Bh5 11. Bb2 Bg6 12. Nxg6 hxg6 13. a3 Bd6 14. c5 Bc7 15. f4 Ng4 16. Rae1 f5 17. Nf3 Ngf6 18. Ng5 Qe7 19. Rf3 Ne4 20. Bxe4 dxe4 21. Rh3 Nf6 22. Qf2 Nh5 23. Qh4 e5 24. dxe5 Rad8 25. g4 fxg4 26. Qxg4 Rd2 27. Bc1 Rc2 28. Rxh5 gxh5 29. Qxh5 g6 30. Qxg6+ Kh8 31. Qh6+ Kg8 32. Qg6+ Kh8 33. Qxe4 Ra2 34. Qb1 Rf2 35. Qh7+ Qxh7 36. Nxh7 Kxh7 37. Kxf2 Bxe5 38. Ke2 Bf6 39. e4 Re8 40. e5 Kg6 41. Be3 Bh4 42. Rd1 Re7 43. Kf3 Kf5 44. Rd6 Rh7 45. Rd2 Be7 46. Rg2 Rh3+ 47. Rg3 Rxh2 48. Bf2 Bh4 49. Rg2 Rh3+ 50. Bg3 Be7 51. b4 Bh4 52. Rg1 Be7 53. Rg2 Bh4 54. a4 a5 55. bxa5 Be7 56. Rc2 Bh4 57. Rg2 Be7 58. Rh2 Rxh2 59. Bxh2 Bxc5 60. Bg3 Bb4 61. a6 bxa6 62. Bf2 c5 63. Be3 Ba3 64. Bd2 Bb2 65. Ke2 c4 66. Kd1 Bd4 67. Kc2 Ke6 68. Kb1 Kf5 69. Ka2 Bf2 70. Kb2 Bd4+ 71. Kc2 Ke6 72. Bc3 Be3 73. Bd2 Bd4 1/2-1/2

[Event "Minsk op"]
[Site "Minsk"]
[Date "2023.11.06"]
[Round "4"]
[White "Bystrov, Alexander"]
[Black "Shydlouski, Artsiom"]
[Result "1-0"]
[WhiteElo "2164"]
[BlackElo "1620"]
[PlyCount "120"]
[EventDate "2023.11.03"]
[EventType "swiss"]
[EventRounds "9"]
[EventCountry "BLR"]
[SourceTitle "CB46_2023"]
[SourceDate "2023.11.15"]
[SourceVersion "1"]
[SourceVersionDate "2023.11.15"]
[SourceQuality "1"]

1. d4 f5 2. g3 Nf6 3. Bg2 g6 4. Nd2 Bg7 5. e4 fxe4 6. Nxe4 Nxe4 7. Bxe4 d5 8. Bg2 Nc6 9. Nf3 Bg4 10. c3 0-0 11. h3 Bf5 12. Nh4 Be6 13. 0-0 Bf7 14. f4 e6 15. Nf3 Be8 16. Re1 Bd7 17. b3 Re8 18. Bb2 Ne7 19. Kh2 Nf5 20. Ne5 Rf8 21. Qe2 Re8 22. Rad1 a5 23. c4 c6 24. c5 Bc8 25. Qd2 Bh6 26. Nf3 Rf8 27. Ng5 Bxg5 28. fxg5 Qc7 29. Qc3 Bd7 30. Bc1 Ng7 31. Bf4 Rxf4 32. gxf4 Qxf4+ 33. Qg3 Qxg3+ 34. Kxg3 Rf8 35. Rf1 Nf5+ 36. Kh2 Kf7 37. Bf3 Ke7 38. Bg4 Kd8 39. Bxf5 exf5 40. Kg3 Re8 41. Rde1 Re4 42. Rxe4 fxe4 43. h4 Ke7 44. Kf4 Ke6 45. Rh1 Be8 46. Rh3 Ke7 47. Ke5 Bd7 48. Rg3 Be6 49. Rg1 Bh3 50. Rh1 Bg4 51. Kf4 Bf3 52. Rb1 Be2 53. Ke3 Bd3 54. Rh1 Ke6 55. Rh2 Bb5 56. Rf2 Ke7 57. Rf6 a4 58. bxa4 Ba6 59. Rf2 Ke8 60. Kf4 Ke7 1-0

[Event "Minsk Amateur op"]
[Site "Minsk"]
[Date "2018.07.01"]
[Round "9"]
[White "Bystrov, Alexander"]
[Black "Alagulian, Kamo"]
[Result "1-0"]
[WhiteElo "2180"]
[BlackElo "2304"]
[PlyCount "111"]
[EventDate "2018.06.25"]
[EventType "swiss"]
[EventRounds "9"]
[EventCountry "BLR"]
[SourceTitle "CBM 185 Extra"]
[Source "ChessBase"]
[SourceDate "2018.07.29"]
[SourceVersion "1"]
[SourceVersionDate "2018.07.29"]
[SourceQuality "1"]

1. Nf3 Nf6 2. c4 c5 3. Nc3 Nc6 4. g3 g6 5. Bg2 d6 6. 0-0 Bg7 7. d4 cxd4 8. Nxd4 Bd7 9. e3 0-0 10. b3 Rc8 11. Bb2 Qa5 12. Rc1 a6 13. a3 Nxd4 14. exd4 Bg4 15. Qd3 Qh5 16. Rfe1 e6 17. b4 Rc7 18. f3 Bh3 19. Ne4 Nxe4 20. fxe4 Bxg2 21. Kxg2 f5 22. exf5 exf5 23. Qf3 Qh6 24. Rc2 g5 25. Qd5+ Kh8 26. Bc1 f4 27. Re6 Qh5 28. Bxf4 h6 29. Rce2 Qf7 30. Rf2 gxf4 31. Rxf4 Qg8 32. Qxd6 Rxf4 33. Qxc7 Rxd4 34. Re7 Rxc4 35. Qxb7 Rc2+ 36. Kh3 Bf6 37. Re4 Qg6 38. Qd5 Rd2 39. Qxd2 Qxe4 40. Qxh6+ Qh7 41. Qxh7+ Kxh7 42. Kg4 Bb2 43. a4 Bc3 44. b5 axb5 45. axb5 Bd4 46. Kf5 Bf2 47. Ke6 Kg6 48. Kd7 Bg1 49. h3 Kg5 50. Kc6 Bh2 51. g4 Kh4 52. b6 Bf4 53. b7 Be5 54. Kd7 Kxh3 55. g5 Kh4 56. g6 1-0

[Event "Minsk Amateur op"]
[Site "Minsk"]
[Date "2018.06.28"]
[Round "6"]
[White "Afanasiev, Vadim"]
[Black "Bystrov, Alexander"]
[Result "1/2-1/2"]
[WhiteElo "2266"]
[BlackElo "2180"]
[PlyCount "78"]
[EventDate "2018.06.25"]
[EventType "swiss"]
[EventRounds "9"]
[EventCountry "BLR"]
[SourceTitle "CBM 185 Extra"]
[Source "ChessBase"]
[SourceDate "2018.07.29"]
[SourceVersion "1"]
[SourceVersionDate "2018.07.29"]
[SourceQuality "1"]

1. d4 Nf6 2. c4 d6 3. Nc3 e5 4. Nf3 Nbd7 5. e4 g6 6. Be2 Bg7 7. Bg5 h6 8. Bh4 0-0 9. d5 g5 10. Bg3 Nh5 11. 0-0 Nf4 12. Nd2 Nc5 13. Bg4 Bxg4 14. Qxg4 h5 15. Qd1 h4 16. Bxf4 exf4 17. Qf3 Re8 18. Rfe1 Nd7 19. b3 Ne5 20. Qe2 Qf6 21. Rac1 a6 22. b4 a5 23. bxa5 Rxa5 24. a4 b6 25. f3 Nd7 26. Nb3 Raa8 27. Red1 Qe7 28. Nb5 Nc5 29. Nxc5 bxc5 30. Qc2 Ra5 31. Rd3 Rea8 32. Ra3 Kf8 33. Kf1 Ke8 34. Re1 Be5 35. Rb1 Kd8 36. Qb3 Rb8 37. Qc2 Qd7 38. Ra2 Qc8 39. Rb3 Kd7 1/2-1/2

[Event "Minsk Amateur op"]
[Site "Minsk"]
[Date "2018.06.26"]
[Round "3"]
[White "Bystrov, Alexander"]
[Black "Matjukhin, Anatolij"]
[Result "1-0"]
[WhiteElo "2180"]
[BlackElo "1897"]
[PlyCount "53"]
[EventDate "2018.06.25"]
[EventType "swiss"]
[EventRounds "9"]
[EventCountry "BLR"]
[SourceTitle "CBM 185 Extra"]
[Source "ChessBase"]
[SourceDate "2018.07.29"]
[SourceVersion "1"]
[SourceVersionDate "2018.07.29"]
[SourceQuality "1"]

1. Nf3 Nf6 2. c4 c5 3. Nc3 b6 4. d4 cxd4 5. Nxd4 Bb7 6. Bg5 Ne4 7. Nxe4 Bxe4 8. f3 Bb7 9. e4 g6 10. Nb5 Qc8 11. Qd4 Rg8 12. Qe5 Qc6 13. Nc7+ Kd8 14. Nxa8 d6 15. Qd5 Qxd5 16. cxd5 Bxa8 17. Rc1 Bg7 18. Rc2 Bb7 19. Kd2 Nd7 20. Bb5 h6 21. Be3 Nc5 22. b4 a6 23. bxc5 axb5 24. cxb6 b4 25. Rc7 Bc3+ 26. Kc2 Ba6 27. Ra7 1-0

[Event "Minsk Amateur op"]
[Site "Minsk"]
[Date "2018.06.26"]
[Round "2"]
[White "Ermolaev, Evgeny"]
[Black "Bystrov, Alexander"]
[Result "1-0"]
[WhiteElo "2304"]
[BlackElo "2180"]
[PlyCount "89"]
[EventDate "2018.06.25"]
[EventType "swiss"]
[EventRounds "9"]
[EventCountry "BLR"]
[SourceTitle "CBM 185 Extra"]
[Source "ChessBase"]
[SourceDate "2018.07.29"]
[SourceVersion "1"]
[SourceVersionDate "2018.07.29"]
[SourceQuality "1"]

1. e4 e6 2. Nc3 d5 3. Nf3 Nf6 4. e5 Ne4 5. Ne2 Bc5 6. d4 Be7 7. Ng3 c5 8. Qd3 c4 9. Qe3 Qa5+ 10. c3 Nxg3 11. hxg3 Bd7 12. g4 Ba4 13. b3 Bxb3 14. Qd2 Qa4 15. Qb2 Bc2 16. Qxb7 Qc6 17. Qb2 Be4 18. Nh4 Nd7 19. f3 Bd3 20. g3 Bxf1 21. Kxf1 h6 22. Qc2 0-0-0 23. Ng2 Rhe8 24. a4 Kc7 25. Nf4 Rb8 26. Nh5 Bf8 27. Ba3 Bxa3 28. Rxa3 Rg8 29. Kg2 Qb6 30. Ra2 Qa5 31. Rb2 Rxb2 32. Qxb2 Rb8 33. Qd2 Qxa4 34. Nxg7 Qa3 35. Rc1 Rb2 36. Rc2 Rxc2 37. Qxc2 a5 38. Ne8+ Kd8 39. Nd6 Nf8 40. Qd2 a4 41. Qxh6 Qb2+ 42. Kh3 Ng6 43. Qg7 Qxc3 44. Qg8+ Kd7 45. Qc8+ 1-0

[Event "Minsk op"]
[Site "Minsk"]
[Date "1996.??.??"]
[Round "7"]
[White "Skomorokhin, Roman"]
[Black "Bystrov, Alexander"]
[Result "1-0"]
[WhiteElo "2450"]
[BlackElo "2340"]
[PlyCount "123"]
[EventDate "1996.??.??"]
[EventType "swiss"]
[EventRounds "9"]
[EventCountry "BLR"]
[SourceTitle "EXT 2000"]
[Source "ChessBase"]
[SourceDate "1999.11.16"]
[SourceVersion "1"]
[SourceVersionDate "1999.11.16"]
[SourceQuality "1"]

1. Nf3 Nf6 2. c4 d6 3. d4 Nbd7 4. g3 g6 5. Bg2 Bg7 6. 0-0 e5 7. Qc2 0-0 8. Rd1 Qe7 9. Nc3 h6 10. e4 exd4 11. Nxd4 Re8 12. b3 Nc5 13. f3 a5 14. Be3 Bd7 15. Rab1 Ne6 16. Nde2 Bc6 17. a3 Nc5 18. Nd4 Ne6 19. Nde2 Nc5 20. b4 axb4 21. axb4 Ncxe4 22. fxe4 Nxe4 23. Bxe4 Bxe4 24. Qxe4 Qxe4 25. Nxe4 Rxe4 26. Rb3 Rxc4 27. Rc1 Rxc1+ 28. Bxc1 Ra2 29. Kf2 g5 30. Ke3 f5 31. Ra3 Rxa3+ 32. Bxa3 Be5 33. Bc1 c5 34. Kd3 b5 35. Ba3 c4+ 36. Ke3 Kf7 37. Bc1 d5 38. Bd2 Kf6 39. Bc3 h5 40. Bd4 h4 41. gxh4 f4+ 42. Kf3 gxh4 43. Bf2 Kg5 44. h3 Bd6 45. Be1 Be5 46. Bc3 Kf5 47. Nd4+ Bxd4 48. Bxd4 Kg5 49. Be5 Kf5 50. Bxf4 d4 51. Bh6 c3 52. Bg7 c2 53. Bh6 Kg6 54. Bc1 Kf5 55. Ke2 Ke4 56. Kd2 d3 57. Bb2 Kf4 58. Kxd3 Kg3 59. Kxc2 Kxh3 60. Kd3 Kg4 61. Ke4 h3 62. Be5 1-0